00259cam a22000857a 4500008004000000082001600040245005900056260005000115300000800165180718b1960 xxu||||| |||| 00| 0 eng d aT15x42 Un3p aInterim report of the committee on consumer protection aLondonbHer Majesty's Stationery Officec1960 a15p